El P. Antonio Eximeno, estudio de su personalidad a la luz de nuevos documentos : (Record no. 190190)

MARC details
000 -LEADER
campo de control de longitud fija 00935nam a2200217 i 4500
001 - NÚMERO DE CONTROL
campo de control 190190
003 - IDENTIFICADOR DE NÚMERO DE CONTROL
campo de control ES-MaACL
005 - FECHA Y HORA DE LA ÚLTIMA TRANSACCIÓN
campo de control 20250930063201.0
008 - DATOS DE LONGITUD FIJA--INFORMACIÓN GENERAL
campo de control de longitud fija 200914s1943 sp |||| | spa d
080 ## - NÚMERO DE LA CLASIFICACIÓN DECIMAL UNIVERSAL
Número de la Clasificación Decimal Universal 929 Eximeno, Antonio
100 1# - ENTRADA PRINCIPAL--NOMBRE DE PERSONA
Nombre de persona Otaño, Nemesio,
Fechas asociadas al nombre 1880-1956
9 (RLIN) 170308
245 13 - MENCIÓN DEL TÍTULO
Título El P. Antonio Eximeno, estudio de su personalidad a la luz de nuevos documentos :
Resto del título discurso /
Mención de responsabilidad, etc. leído por el Excmo. Sr. R.P. Nemesio Otaño...; y contestación del Excmo. Sr. D. Conrado del Campo.
260 ## - PUBLICACIÓN, DISTRIBUCIÓN, ETC.
Lugar de publicación, distribución, etc. Madrid :
Nombre del editor, distribuidor, etc. [s.n.,
Fecha de publicación, distribución, etc. 1943] (
Fabricante Tall. Ferga)
300 ## - DESCRIPCIÓN FÍSICA
Extensión 1 lám., 79 p., p. LXIII, 1 lám. ;
Dimensiones 24 cm.
594 ## - Nota al título y mención de responsabilidad
Nota al título y mención de responsabilidad Precede al tít.: Real Academia de Bellas Artes de San Fernando.
600 14 - PUNTO DE ACCESO ADICIONAL DE MATERIA--NOMBRE DE PERSONA
Nombre de persona Eximeno, Antonio,
Fechas asociadas al nombre 1729-1808
9 (RLIN) 140749
700 1# - ENTRADA AGREGADA--NOMBRE PERSONAL
Nombre de persona Campo, Conrado del,
Fechas asociadas al nombre 1878-1953
9 (RLIN) 34193
710 2# - ENTRADA AGREGADA--NOMBRE DE ENTIDAD CORPORATIVA
Nombre de entidad corporativa o nombre de jurisdicción como elemento de entrada Real Academia de Bellas Artes de San Fernando.
9 (RLIN) 6291
852 4# - LOCALIZACIÓN
Ubicación ES-MaACL
Número de control de estantería F-M-III-N
Holdings
Estatus retirado Estado de pérdida Estado de daño No para préstamo Biblioteca de origen Biblioteca actual Ubicación en estantería Fecha de adquisición Fuente de adquisición Total de préstamos Signatura topográfica completa Código de barras Visto por última vez Precio de reemplazo Tipo de ítem Koha
        Biblioteca del Ateneo de Madrid Biblioteca del Ateneo de Madrid Administración 19/05/2005     F-M-III-N 1201963 23/02/2023 23/02/2023 Libro impreso